000 00643nam a2200157 4500
999 _c80879
_d80879
008 210326b ||||| |||| 00| 0 eng d
040 _aDE-2950
_bger
_cDE-2950
_erda
245 _aBeratung, Kastration und Katzenwohl.
_bFrankfurter Tierschutzverein blickt auf erfolgreiche Jahre in der Tierfürsorge zurück / Rückgang an Spenden aufgrund von Corona.
653 _aFrankfurt (Oder)
653 _aTierschutzverein 1991-2021
773 _dFrankfurt (Oder) : Märkisches Medienhaus
_tMärkischer Sonntag
_g23. Jahrgang, Nr. 12 vom 20./21.03.2021, S. 6: Fotos
942 _cA